Investičné životné poistenie

Guardado en:
Detalles Bibliográficos
Autor principal: Sakálová, Katarína, 1955-
Otros Autores: Ondrejková Krčová, Ingrid, 1969-
Formato: Libro
Lenguaje:inglés
Publicado: Bratislava [Katedra matematiky FHI EU] 2009
Materias:
Etiquetas: Agregar Etiqueta
Sin Etiquetas, Sea el primero en etiquetar este registro!

MARC

LEADER 00000nam$a2200000$$$4500
001 0111880
005 20240502072235.9
041 0 |a eng 
044 |a SK 
245 1 0 |a Investičné životné poistenie  |c Katarína Sakálová, Ingrid Ondrejková Krčová 
264 1 |a Bratislava  |b [Katedra matematiky FHI EU]  |c 2009 
610 2 0 |a poisťovníctvo 
610 2 0 |a poistenie životné 
610 2 0 |a poistenie životné investičné 
100 1 |a Sakálová, Katarína, 1955- 
700 1 |a Ondrejková Krčová, Ingrid, 1969-